[Event "Pontevedra op-B 10th"]
[Site "Pontevedra"]
[Date "2022.07.30"]
[Round "9.15"]
[White "Martinez Garcia, Jorge"]
[Black "Alonso Novas, Mateo"]
[Result "1-0"]
[WhiteElo "1611"]
[BlackElo "1227"]
[PlyCount "97"]
[EventDate "2022.07.24"]
[EventType "swiss"]
[EventRounds "9"]
[EventCountry "ESP"]
[SourceTitle "EXT 2023"]
[Source "ChessBase"]
[SourceDate "2022.10.05"]
[SourceVersion "1"]
[SourceVersionDate "2022.10.05"]
[SourceQuality "1"]

1. e4 c5 2. Nf3 Nc6 3. d4 cxd4 4. Nxd4 g6 5. c4 Bg7 6. Be3 d6 7. Nc3 Bd7 8. Be2 Nf6 9. g3 0-0 10. h4 Nh5 11. g4 Ng3 12. Rg1 Nxe2 13. Kxe2 Nxd4+ 14. Bxd4 e5 15. Be3 Qc7 16. b3 Be6 17. Nb5 Qc6 18. Qxd6 Rfc8 19. Rad1 a6 20. Qxc6 bxc6 21. Nd6 Rc7 22. Rd2 Rd7 23. Rgd1 Bf8 24. Bg5 Kg7 25. Ne8+ Rxe8 26. Rxd7 Bxd7 27. Rxd7 Bb4 28. Bd2 a5 29. Kd3 Ra8 30. g5 Kf8 31. Bc3 Bxc3 32. Kxc3 a4 33. b4 Rc8 34. Ra7 c5 35. b5 Ke8 36. Rxa4 Rb8 37. Ra7 Rb6 38. Rc7 f6 39. Rxh7 fxg5 40. hxg5 Kd8 41. Rf7 Ke8 42. Rf6 Rb7 43. Rxg6 Rf7 44. Rf6 Rg7 45. g6 Kd8 46. b6 Kc8 47. b7+ Kb8 48. Rf8+ Kxb7 49. Rf7+ 1-0

[Event "Pontevedra op-B 10th"]
[Site "Pontevedra"]
[Date "2022.07.27"]
[Round "6.19"]
[White "Perez Solanas, Hugo"]
[Black "Martinez Garcia, Jorge"]
[Result "0-1"]
[WhiteElo "1166"]
[BlackElo "1611"]
[PlyCount "84"]
[EventDate "2022.07.24"]
[EventType "swiss"]
[EventRounds "9"]
[EventCountry "ESP"]
[SourceTitle "EXT 2023"]
[Source "ChessBase"]
[SourceDate "2022.10.05"]
[SourceVersion "1"]
[SourceVersionDate "2022.10.05"]
[SourceQuality "1"]

1. e4 c5 2. Nf3 g6 3. d4 cxd4 4. Nxd4 Bg7 5. Nc3 Nc6 6. Be3 Nf6 7. Nxc6 bxc6 8. e5 Ng8 9. f4 Nh6 10. Bd3 d6 11. Be4 d5 12. Bf3 Nf5 13. Bf2 h5 14. Qe2 a5 15. 0-0-0 Ba6 16. Qd2 Rb8 17. Na4 Rb4 18. Nc5 Bb5 19. a3 Rxf4 20. Nb7 Qc7 21. Nxa5 Bh6 22. Kb1 Rxf3 23. Qe1 Rxf2 24. Qxf2 Qxa5 25. Rhe1 0-0 26. h3 Qa4 27. Qf3 Qf4 28. Qc3 Ne3 29. Rd2 Rd8 30. Qa5 Re8 31. Qc7 Qf5 32. Qa7 Nf1 33. Rf2 Nd2+ 34. Ka1 Qxc2 35. e6 f5 36. Rh1 Bc4 37. Qb6 Ra8 38. Qb4 Nb3+ 39. Ka2 Qxf2 40. Qxe7 Bg7 41. Qf7+ Kh7 42. Rb1 Nc1+ 0-1

[Event "Pontevedra op-B 10th"]
[Site "Pontevedra"]
[Date "2022.07.25"]
[Round "2.2"]
[White "Pousada Garcia, Daniel"]
[Black "Martinez Garcia, Jorge"]
[Result "1-0"]
[WhiteElo "1932"]
[BlackElo "1611"]
[PlyCount "39"]
[EventDate "2022.07.24"]
[EventType "swiss"]
[EventRounds "9"]
[EventCountry "ESP"]
[SourceTitle "EXT 2023"]
[Source "ChessBase"]
[SourceDate "2022.10.05"]
[SourceVersion "1"]
[SourceVersionDate "2022.10.05"]
[SourceQuality "1"]

1. e4 c5 2. Nf3 Nc6 3. c3 d5 4. exd5 Qxd5 5. d4 Bg4 6. Nbd2 cxd4 7. Bc4 Qa5 8. Qb3 Nd8 9. Bb5+ Bd7 10. Bxd7+ Kxd7 11. Nc4 Qa6 12. 0-0 e6 13. Bf4 Nf6 14. Nxd4 Bc5 15. Nb5 Rc8 16. Rad1+ Ke7 17. Rfe1 Nd5 18. Rxd5 Nc6 19. Rxc5 Rhd8 20. Nbd6 1-0